000 00367nam a22001337a 4500
003 SGT
020 _a8171241441
082 _a891.4309
_bJ95R
100 _aराय, विवेकी
245 _aजगत तपोवन सो कियो
260 _b विश्वविद्यालय प्रकाशन
_c1995
300 _a123
942 _2ddc
_cBK
999 _c30450
_d30450